| 000 | 00430nam a2200157 i 4500 | ||
|---|---|---|---|
| 001 | 78142 | ||
| 003 | ES-MaACL | ||
| 005 | 20230906173547.0 | ||
| 007 | t| | ||
| 008 | 041011s1910 fr ||||1| fre d | ||
| 100 | 1 |
_aHanotaux, Gabriel. _961744 |
|
| 245 | 1 | 3 |
_aLa démocratie et le travail / _cGabriel Hanotaux. |
| 260 |
_aParis : _b[s.n., _c1911] ( _fHemmerlé et Cie.) |
||
| 300 |
_a264 p. ; _c19 cm. |
||
| 852 |
_aES-MaACL _jF-6113 |
||
| 999 |
_c78142 _d78142 |
||